000 01249cam a22002533a 4500
001 1915
003 PGUSA
005 20140828083008.0
008 991001s1999||||xxu|||||s|||||000 e eng d
040 _aPGUSA
_beng
042 _adc
050 4 _aPR
100 1 _aJerome, Jerome K.
_q(Jerome Klapka),
_d1859-1927
245 1 4 _aThe Second Thoughts of an Idle Fellow
_h[electronic resource] /
_cJerome K. Jerome
260 _bProject Gutenberg,
_c1999
505 0 _aOn the art of making up one's mind -- On the disadvantage of not getting what one wants -- On the exceptional merit attaching to the things we meant to do -- On the preparation and employment of love philtres -- On the delights and benefits of slavery -- On the care and management of women -- On the minding of other people's business -- On the time wasted in looking before one leaps -- On the nobility of ourselves -- On the motherliness of man -- On the inadvisability of following advice -- On the playing of marches at the funerals of marionettes.
506 _aPublic domain in the USA.
516 _aElectronic text
653 _aWit and humor
653 _aEssays
830 0 _aProject Gutenberg
_v1915
856 4 0 _uhttp://www.gutenberg.org/ebooks/1915
942 _cEB
999 _c231257
_d231257